| 000 | 00654cam a2200205 a 4500 | ||
|---|---|---|---|
| 001 | 000011639 | ||
| 005 | 20200929162518.0 | ||
| 008 | 850716s1985 txua b 001 0 eng | ||
| 020 | _a0256031681 | ||
| 040 |
_aDO-SdBNP _beng _cLC _dBNPHU |
||
| 082 |
_a658.022 _bS698s |
||
| 100 | 1 |
_aSondeno, Stanley R. _927566 |
|
| 245 | 1 | 0 |
_aSmall business management principles / _cStanley R. Sondeno. |
| 260 |
_aPlano, Texas : _bBusiness Publications, _c1985. |
||
| 300 |
_axviii, 505 p. : _bil. ; _c24 cm. |
||
| 504 | _aBibliografía: p. 498-500. | ||
| 650 | 4 |
_aNegocios pequeños _xAdministración _927567 |
|
| 910 | _aCatalogación por copia / LC | ||
| 049 | _aBNGR | ||
| 999 |
_c11331 _d11331 |
||